000 00671nam a2200229 a 4500
001 000021223
005 20200930011251.0
008 100902s1979 sp 000 d spa d
020 _a843030570X
040 _aDO-SdBNP
_bspa
_cBNPHU
082 _aM862.1
_bR934ver
100 1 _aRuiz de Alarcón, Juan,
_d1580?-1639
_917661
245 1 3 _aLa verdad sospechosa /
_cJuan Ruiz de Alarcón.
260 _aMadrid :
_bRamón Sopena,
_c1979.
300 _a159, [1] p. ;
_c18 cm.
490 1 _aBiblioteca Sopena
_v570
650 4 _aTeatro mexicano
_917662
650 4 _aLiteratura mexicana
_91922
830 0 _aBiblioteca Sopena ;
_v570
_912815
910 _aWM
049 _aBNGR
999 _c20724
_d20724